000 00857nam a2200193 a 4500
008 120416s1983 ||||||||||||||||| || u
020 _a0201134357
050 _aHF 5549.5.T7 Kir
100 _aKirkpatrick, Donald L
245 1 2 _aA practical guide for supervisory training and development. (2nd ed.)
250 _a2nd ed.
260 _aLondon:
_bAddison-Wesley
_c1983
300 _aviii, 232p.: ill.
350 _a0.00
650 _aAPPLICATIONS FOR EMPLOYMENT
650 _aSUPERVISION OF EMPLOEES--STUDY AND TEACHING
995 _aMAIN LIBRARY OPEN ACCESS
_D0.00
_e721759
_FCBU-MAIN LIBRARY (Kitwe)
_H1
_I11.95
_jHF 5549.5.T7 Kir
_M2
_UAVAILABLE
_y005397
_ZMain Library Open Access Collection
995 _aMAIN LIBRARY OPEN ACCESS
_D0.00
_e719198
_FCBU-MAIN LIBRARY (Kitwe)
_H2
_I11.95
_jHF 5549.5.T7 Kir
_M1
_UAVAILABLE
_y005396
_ZMain Library Open Access Collection
999 _c76982
_d76982